[Event "Championnat de France Benjamin"]
[Site "CALVI"]
[Date "????.??.??"]
[Round "8.10"]
[White "Nouri, Adrien"]
[Black "Blancho, Gwenael"]
[Result "0-1"]
[WhiteElo "1730"]
[BlackElo "2030"]
[PlyCount "120"]
[EventDate "2005.??.??"]
[SourceDate "2005.04.17"]

1. e4 c5 2. Nf3 d6 3. Bb5+ Nd7 4. c3 Ngf6 5. d3 h6 6. h3 a6 7. Ba4 b5 8. Bc2
Bb7 9. Nbd2 e6 10. O-O Be7 11. a4 O-O 12. d4 Qc7 13. Re1 cxd4 14. Nxd4 bxa4 15.
Rxa4 d5 16. exd5 Bxd5 17. Ne4 Qb7 18. f3 Bxe4 19. Bxe4 Nxe4 20. Rxe4 Nf6 21.
Re2 Rfd8 22. Qe1 Rd5 23. Re5 Bc5 24. Rxd5 Nxd5 25. Qg3 Kh8 26. Qe5 Kg8 27. Rc4
Rc8 28. b4 Ba7 29. Rxc8+ Qxc8 30. Bd2 Nxc3 31. Kh1 Bxd4 32. Qxd4 Nd5 33. Qg4
$11 Kf8 34. Qd4 f6 35. f4 Qc6 36. Kh2 Qb6 37. Qxb6 Nxb6 38. Kg3 Nc4 39. Bc3 Ke7
40. Kf3 Nb6 41. Bd4 Nd7 42. Ke4 Kd6 43. g4 g6 44. f5 gxf5+ 45. gxf5 e5 46. Bc3
Kc6 47. Bd2 h5 48. Be1 Nb6 49. Bh4 Nd5 50. Bxf6 Nxf6+ 51. Kxe5 Nh7 52. f6 Nxf6
53. Kxf6 Kb5 54. Kg5 Kxb4 55. Kxh5 a5 56. Kg6 a4 57. h4 a3 58. h5 a2 59. h6
a1=Q 60. Kh7 Qf6 0-1

[Event "Championnat de France Benjamine"]
[Site "CALVI"]
[Date "????.??.??"]
[Round "8.1"]
[White "Forestier, Carole"]
[Black "Genzling, Sylvie"]
[Result "0-1"]
[WhiteElo "1647"]
[BlackElo "1982"]
[PlyCount "128"]
[EventDate "2005.??.??"]
[SourceDate "2005.04.17"]

1. d4 e6 2. c4 d5 3. cxd5 exd5 4. Nc3 c6 5. Qc2 Bd6 6. Nf3 Ne7 7. Bg5 Bf5 8.
Qxf5 Nxf5 9. Bxd8 Kxd8 10. e3 Bb4 11. Rc1 Nd6 12. Bd3 Nd7 13. O-O a5 14. Na4 b5
15. Nc3 a4 16. Ne2 Rc8 17. Nf4 Ke7 18. Rc2 f6 19. Rfc1 g5 20. Nh5 Nc4 21. b3
axb3 22. axb3 Na5 23. Bxb5 Nxb3 24. Rb1 cxb5 25. Rcb2 Ba3 26. Rxb3 b4 27. Ne1
Rc4 28. Nd3 Rhc8 29. h3 Rb8 30. Ng3 Kd6 31. Ne2 Rb6 32. Kf1 Kc6 33. Ke1 Nb8 34.
Nec1 Bxc1 35. Nxc1 Na6 36. Nd3 Kb5 37. f4 $11 h6 38. Ke2 Rbc6 39. fxg5 hxg5 40.
Nf2 Rc2+ 41. Kf3 R6c3 42. R3b2 Rxb2 43. Rxb2 Kc4 44. Nd1 Rc1 45. Ke2 b3 46. Kd2
Ra1 47. g3 Nc7 48. h4 gxh4 49. gxh4 Ne6 50. e4 dxe4 51. Ne3+ Kb4 52. d5 Ka3 53.
Nc4+ Kb4 54. Ne3 Nd4 55. d6 Ra6 56. Nd5+ Ka3 57. d7 Rd6 58. Nb6 Ne6+ 59. Ke3
Rxb6 60. Rb1 Ka2 61. Rf1 b2 62. Rf2 Ka3 63. Rxf6 b1=Q 64. Rxe6 Qd3+ 0-1

[Event "Championnat de France Benjamine"]
[Site "CALVI"]
[Date "????.??.??"]
[Round "8.2"]
[White "Armas, Lara-Maria"]
[Black "Richard, Emma"]
[Result "0-1"]
[WhiteElo "1730"]
[BlackElo "1730"]
[PlyCount "110"]
[EventDate "2005.??.??"]
[SourceDate "2005.04.17"]

1. d4 Nf6 2. c4 d6 3. Nc3 Nbd7 4. e4 e5 5. Nf3 Be7 6. Bd3 c6 7. Qc2 O-O 8. O-O
a6 9. b4 b5 10. a3 Qc7 11. Bg5 Re8 12. Rfc1 exd4 13. Nxd4 c5 14. bxc5 dxc5 15.
Nf5 bxc4 16. Bxc4 Nb6 17. Nxe7+ Qxe7 18. Nd5 Nbxd5 19. Bxd5 Rb8 20. Bxf6 Qxf6
21. Qxc5 Bg4 22. Rab1 Rbc8 23. Qe3 Rxc1+ 24. Qxc1 Rc8 25. Qd2 h6 26. h3 Be6 27.
Rb6 Qa1+ 28. Kh2 Bxd5 29. Qxd5 Qxa3 30. Qb7 Qc1 31. Rb2 a5 32. g3 Rc4 33. Ra2
Qe1 34. Qa8+ Kh7 35. Qxa5 Qxe4 36. Qd2 $11 Qc6 37. Qd3+ g6 38. Ra7 Kg7 39. Qd7
Qf6 40. Ra2 Rc1 41. Kg2 Qe5 42. Qb7 Qe1 43. Qb2+ Kh7 44. g4 Qh1+ 45. Kg3 g5 46.
f3 Rg1+ 47. Kf2 Rg2+ 48. Ke3 Rxb2 49. Rxb2 Qc1+ 50. Rd2 Kg6 51. Ke2 Qh1 52.
Rd6+ Kg7 53. Ke3 Qe1+ 54. Kd4 Qd1+ 55. Ke5 Qxf3 0-1

[Event "Championnat de France Benjamine"]
[Site "CALVI"]
[Date "????.??.??"]
[Round "8.3"]
[White "Fajolle, Iris"]
[Black "Rambourg, Juliette"]
[Result "0-1"]
[WhiteElo "1680"]
[BlackElo "1870"]
[PlyCount "82"]
[EventDate "2005.??.??"]
[SourceDate "2005.04.17"]

1. d4 Nf6 2. c4 e6 3. Nf3 Bb4+ 4. Bd2 c5 5. e3 Nc6 6. Bd3 cxd4 7. exd4 d5 8. a3
Bxd2+ 9. Qxd2 O-O 10. Nc3 b6 11. cxd5 Nxd5 12. Be4 Nce7 13. O-O f5 14. Bxd5
Nxd5 15. Rfe1 Rf6 16. Qg5 Bb7 17. Ne5 Rc8 18. Rac1 h6 19. Qg3 g5 20. h4 Rf8 21.
hxg5 Qxg5 22. Qxg5+ hxg5 23. Nf3 Nf4 24. Re3 Rf6 25. Rce1 g4 26. Ng5 Rg6 27.
Rxe6 Nxe6 28. Nxe6 Kf7 29. d5 Re8 30. Kf1 Bxd5 31. Nf4 Bc4+ 32. Nfe2 f4 33. f3
gxf3 34. gxf3 Rh8 35. Ne4 Rh1+ 36. Kf2 Rh2+ 37. Kf1 Rh3 38. Kf2 Bxe2 39. Rxe2
Rh2+ 40. Kf1 Rxe2 41. Kxe2 Rg2+ 0-1

[Event "Championnat de France Benjamine"]
[Site "CALVI"]
[Date "????.??.??"]
[Round "8.4"]
[White "Forgues, Valerie"]
[Black "Lefebvre, Stephane"]
[Result "1-0"]
[WhiteElo "1830"]
[BlackElo "1199"]
[PlyCount "61"]
[EventDate "2005.??.??"]
[SourceDate "2005.04.17"]

1. e4 e5 2. Nf3 Nc6 3. Bc4 Nf6 4. d3 d5 5. exd5 Nxd5 6. Be3 Be7 7. Nbd2 O-O 8.
O-O Kh8 9. d4 Bg4 10. dxe5 Nxe5 11. Be2 Nxf3+ 12. Bxf3 Be6 13. Re1 Bd6 14. Ne4
Be5 15. Bd4 Bxd4 16. Qxd4 c6 17. Nc5 Bc8 18. Rad1 b6 19. Nd3 Be6 20. Ne5 Rc8
21. Qa4 Qc7 22. c4 Ne7 23. Qc2 Rfd8 24. Rxd8+ Rxd8 25. c5 Nd5 26. cxb6 axb6 27.
Qxc6 Qxc6 28. Nxc6 Rc8 29. Bxd5 Bxd5 30. Ne7 Rd8 31. Nxd5 1-0

[Event "Championnat de France Benjamine"]
[Site "CALVI"]
[Date "????.??.??"]
[Round "8.5"]
[White "Macarry, Elodie"]
[Black "Peyre, Camille"]
[Result "1-0"]
[WhiteElo "1660"]
[BlackElo "1730"]
[PlyCount "157"]
[EventDate "2005.??.??"]
[SourceDate "2005.04.17"]

1. e4 c6 2. Nf3 d5 3. Nc3 dxe4 4. Nxe4 Nf6 5. Nxf6+ exf6 6. Bc4 Bd6 7. O-O O-O
8. h3 Bf5 9. d4 Bc7 10. Re1 Qd6 11. Bd3 Bxd3 12. Qxd3 Na6 13. a3 Rad8 14. Be3
Bb6 15. b4 Nc7 16. c4 Ne6 17. c5 Bxc5 18. bxc5 Nxc5 19. Qc2 Ne6 20. Red1 Rd7
21. a4 Rfd8 22. Rd2 Qc7 23. Rad1 Qa5 24. Rd3 Qc7 25. Qc4 Qa5 26. Bd2 Qb6 27.
Bc3 Nf4 28. R3d2 Nd5 29. Rb2 Qc7 30. g3 Nb6 31. Qd3 Nd5 32. Qc2 Nxc3 33. Qxc3
c5 34. Rc1 b6 35. a5 Qc6 36. Qa3 Qd5 37. dxc5 bxc5 38. Rd2 Qe6 39. Rxd7 Qxd7
40. Kg2 Qb7 41. Qxc5 h6 42. Qc7 Qd5 43. Qc5 Qb7 44. Qe3 Qa6 45. Qe7 Qxa5 46.
Rc7 Rf8 47. Rxa7 Qd5 48. Rd7 Qc6 49. Rd8 Rxd8 50. Qxd8+ Kh7 51. Qe7 Qd5 52. Qe3
Qc6 53. Kh2 Qd6 54. Qe4+ Kg8 55. Nd4 Qe5 56. Qxe5 fxe5 57. Nc6 f6 58. Kg2 Kf7
59. Kf3 Ke6 60. Ke4 f5+ 61. Ke3 g5 62. f4 exf4+ 63. gxf4 g4 64. Nd4+ Kf6 65.
hxg4 fxg4 66. Kf2 Kg6 67. Kg3 h5 68. Kh4 Kh6 69. Nf5+ Kg6 70. Ng3 Kh6 71. Nxh5
Kh7 72. Kg5 Kh8 73. Kg6 Kg8 74. Nf6+ Kh8 75. Nxg4 Kg8 76. f5 Kh8 77. Kf7 Kh7
78. Kf8 Kh8 79. f6 1-0

[Event "Championnat de France Benjamine"]
[Site "CALVI"]
[Date "????.??.??"]
[Round "8.6"]
[White "Durot, Edwige"]
[Black "Loiret, Momoko"]
[Result "1/2-1/2"]
[WhiteElo "1530"]
[BlackElo "1690"]
[PlyCount "120"]
[EventDate "2005.??.??"]
[SourceDate "2005.04.17"]

1. e4 c5 2. Nf3 d6 3. d4 cxd4 4. Nxd4 Nf6 5. Nc3 e6 6. Bg5 a6 7. Qd2 Be7 8. f4
b5 9. a3 Bb7 10. e5 dxe5 11. fxe5 Ne4 12. Nxe4 Bxe4 13. Bxe7 Qxe7 14. Bd3 Bb7
15. O-O-O O-O 16. Rhg1 Nc6 17. Be4 Nxe5 18. Bxb7 Qxb7 19. Qb4 Rfd8 20. a4 Rd5
21. Nb3 Rc8 22. Rxd5 Qxd5 23. Kb1 Qc4 24. Qxc4 Rxc4 25. axb5 axb5 26. Rd1 Kf8
27. Rd4 Ke7 28. Rxc4 bxc4 29. Na5 Kd6 30. b3 cxb3 31. cxb3 Nd3 32. g3 e5 33.
Kc2 e4 34. Kc3 Kd5 35. h3 Ne5 36. b4 e3 37. g4 e2 38. Kd2 Nc4+ 39. Kxe2 h6 40.
Kd3 $11 Nd6 41. Nb3 g6 42. Nd4 Ne4 43. b5 Nd6 44. h4 Kc5 45. Ke3 Kd5 46. b6
Nc4+ 47. Kf4 Nxb6 48. Nf3 Nc4 49. h5 Nd6 50. hxg6 fxg6 51. Ng5 hxg5+ $11 52.
Kxg5 Ne8 53. Kxg6 Ke6 54. g5 Ke7 55. Kh7 Kf8 56. g6 Ng7 57. Kh8 Ne8 58. Kh7 Ng7
59. Kh8 Ne6 60. g7+ Nxg7 1/2-1/2

[Event "Championnat de France Benjamine"]
[Site "CALVI"]
[Date "????.??.??"]
[Round "8.7"]
[White "Bismuth, Sarah"]
[Black "Jeannerot, Lea"]
[Result "0-1"]
[WhiteElo "1640"]
[BlackElo "1520"]
[PlyCount "64"]
[EventDate "2005.??.??"]
[SourceDate "2005.04.17"]

1. e4 e5 2. Nf3 Nc6 3. Bc4 Bc5 4. b4 Bxb4 5. c3 Ba5 6. d4 exd4 7. Qb3 Nh6 8.
Bxh6 gxh6 9. Bxf7+ Ke7 10. Bh5 Qg8 11. Qa3+ d6 12. e5 Qc4 13. exd6+ cxd6 14.
Nfd2 Bxc3 15. Nxc3 Qxc3 16. Qxc3 dxc3 17. Ne4 c2 18. O-O Nd4 19. Rfe1 Be6 20.
Re3 Rac8 21. Nc3 Kd7 22. Rc1 Rhf8 23. Rd3 Rc4 24. Ne2 Nxe2+ 25. Bxe2 Rc5 26.
Ra3 a6 27. Bd3 Bf5 28. Bxf5+ Rfxf5 29. Rb3 b5 30. Rb2 Rfd5 31. Kf1 Rd1+ 32.
Rxd1 cxd1=Q# 0-1

[Event "Championnat de France Benjamine"]
[Site "CALVI"]
[Date "????.??.??"]
[Round "8.8"]
[White "Klipper, Noemie"]
[Black "Fernandez, Laura"]
[Result "0-1"]
[WhiteElo "1610"]
[BlackElo "1990"]
[PlyCount "76"]
[EventDate "2005.??.??"]
[SourceDate "2005.04.17"]

1. e4 e5 2. d4 exd4 3. Qxd4 Nc6 4. Qe3 Nf6 5. Nc3 Bb4 6. Bd2 O-O 7. O-O-O Re8
8. Qg3 Ne5 9. f3 Ng6 10. h4 Bd6 11. Qf2 Nh5 12. g4 Bg3 13. Qg2 Ngf4 14. Bxf4
Bxf4+ 15. Kb1 Ng3 16. Rh3 Nxf1 17. Rxf1 Be5 18. Nge2 c6 19. Rd1 Bxc3 20. Nxc3
d5 21. Rhh1 d4 22. Ne2 c5 23. Nf4 Be6 24. Qf2 Qb6 25. Rhe1 Rad8 26. Qe2 c4 27.
Qf2 c3 28. b3 Qb4 29. Ka1 Qa3 30. Nd3 Rd6 31. Rb1 a5 32. Ne5 b5 33. Qe2 Rb6 34.
Qd1 Qd6 35. Nd3 Ra8 36. f4 a4 37. f5 axb3 38. cxb3 Rxa2+ 0-1

[Event "Championnat de France Benjamine"]
[Site "CALVI"]
[Date "????.??.??"]
[Round "8.9"]
[White "Bomba, Melody"]
[Black "Danini, Laura"]
[Result "1/2-1/2"]
[WhiteElo "1780"]
[BlackElo "1450"]
[PlyCount "91"]
[EventDate "2005.??.??"]
[SourceDate "2005.04.17"]

1. d4 d5 2. Nf3 c6 3. Bf4 Nd7 4. Nbd2 Ngf6 5. e3 e6 6. Bd3 Be7 7. Bg5 O-O 8. c3
Re8 9. O-O Nf8 10. Ne5 h6 11. Bh4 N6d7 12. Bxe7 Qxe7 13. Nxd7 Bxd7 14. Nf3 f6
15. e4 e5 16. exd5 e4 17. Re1 cxd5 18. Nd2 f5 19. Bc2 b5 20. Bb3 Be6 21. Nf1
Ng6 22. Qd2 Nh4 23. Kh1 g5 24. Ne3 Rad8 25. Qe2 Rf8 26. Qxb5 Qd7 27. Qxd7 Rxd7
28. Nc2 Kg7 29. Nb4 f4 30. Na6 Rd6 31. Nc5 Bf5 32. Kg1 f3 33. g3 Ng2 34. Red1
e3 35. fxe3 Nxe3 36. Re1 Re8 37. Kf2 Ng4+ 38. Kxf3 Rf8 39. Re7+ Kg6 40. Ke2
Nxh2 41. Bd1 Bg4+ 42. Kd2 Rf2+ 43. Ke3 Rdf6 44. Kd3 Bf5+ 45. Ke3 Bg4 46. Kd3
1/2-1/2

[Event "Championnat de France Benjamine"]
[Site "CALVI"]
[Date "????.??.??"]
[Round "8.10"]
[White "Mansion, Melanie"]
[Black "Cechetto, Lea"]
[Result "1/2-1/2"]
[WhiteElo "1580"]
[BlackElo "1760"]
[PlyCount "88"]
[EventDate "2005.??.??"]
[SourceDate "2005.04.17"]

1. e4 e5 2. Nf3 Nc6 3. Bc4 Bc5 4. Nc3 Nf6 5. d3 d6 6. h3 h6 7. O-O O-O 8. Na4
Na5 9. Nxc5 Nxc4 10. dxc4 dxc5 11. Qxd8 Rxd8 12. Nxe5 Nxe4 13. Bf4 Be6 14. Rfe1
Nd6 15. Nd3 Bxc4 16. Nxc5 b6 17. Ne4 Nxe4 18. Rxe4 Bd5 19. Rd4 c5 20. Rd2 Be6
21. Rad1 Rxd2 22. Rxd2 Bxa2 23. Rd7 Be6 24. Rc7 Kf8 25. Be5 c4 26. c3 b5 27.
Rb7 a6 28. Rb8+ Rxb8 29. Bxb8 Ke7 30. Kf1 Bd5 31. g3 Ke6 32. Ke2 Kf5 33. Bd6 g6
34. Ke3 g5 35. Kd4 Bb7 36. Kc5 Ke6 37. Bf8 h5 38. Bh6 g4 39. hxg4 hxg4 40. Kb6
Bc8 41. Kc7 Bd7 42. Kb6 Bc8 43. Kc7 Bd7 44. Kb6 Bc8 1/2-1/2

[Event "Championnat de France Pupille"]
[Site "CALVI"]
[Date "2005.??.??"]
[Round "1.1"]
[White "Le Moizan, Thibault"]
[Black "Dionisi, Thomas"]
[Result "0-1"]
[WhiteElo "1680"]
[BlackElo "1990"]
[PlyCount "50"]
[EventDate "2005.??.??"]
[SourceDate "2005.04.17"]

1. d4 Nf6 2. c4 e6 3. Nf3 Bb4+ 4. Nc3 O-O 5. a3 Bxc3+ 6. bxc3 c5 7. e3 Qc7 8.
Bd3 b6 9. e4 d6 10. Bg5 Nfd7 11. Qc2 Nc6 12. d5 Na5 13. e5 exd5 14. cxd5 h6 15.
Be7 Re8 16. Bh4 Nxe5 17. O-O Nxf3+ 18. gxf3 c4 19. Be4 Nb3 20. Rae1 Bh3 21.
Bh7+ Kh8 22. Rxe8+ Rxe8 23. Rd1 Nc5 24. Kh1 Qb7 25. Qd2 Kxh7 0-1

[Event "Championnat de France Pupille"]
[Site "CALVI"]
[Date "2005.??.??"]
[Round "1.2"]
[White "Netzer, Jacques"]
[Black "Bertrand, Quentin"]
[Result "1/2-1/2"]
[WhiteElo "1990"]
[BlackElo "1670"]
[PlyCount "81"]
[EventDate "2005.??.??"]
[SourceDate "2005.04.17"]

1. e4 c5 2. Nf3 Nc6 3. d4 cxd4 4. Nxd4 g6 5. Nc3 Bg7 6. Be3 Nf6 7. Bc4 O-O 8.
Bb3 d6 9. f3 Bd7 10. Qd2 b6 11. O-O-O Rc8 12. Kb1 Qc7 13. h4 h5 14. Nxc6 Qxc6
15. Nd5 Nxd5 16. Qxd5 Be6 17. Qxc6 Rxc6 18. Bxe6 fxe6 19. Bd4 Rfc8 20. c3 a5
21. Rhe1 b5 22. f4 b4 23. Bxg7 Kxg7 24. cxb4 axb4 25. Rc1 Kf6 26. Rxc6 Rxc6 27.
Rc1 Rb6 28. Kc2 e5 29. g3 exf4 30. gxf4 e5 31. fxe5+ Kxe5 32. Kd3 Ra6 33. Rc4
Rxa2 34. Rxb4 Ra5 35. Ke3 Ra8 36. Rb5+ Ke6 37. Rg5 Kf6 38. Rd5 Ke6 39. Kf4 Ra1
40. b4 Rf1+ 41. Kg3 1/2-1/2

[Event "Championnat de France Pupille"]
[Site "CALVI"]
[Date "2005.??.??"]
[Round "1.3"]
[White "Boutaut, Pierre"]
[Black "Manoeuvre, Antoine"]
[Result "1/2-1/2"]
[WhiteElo "1670"]
[BlackElo "1970"]
[PlyCount "62"]
[EventDate "2005.??.??"]
[SourceDate "2005.04.17"]

1. d4 Nf6 2. Nf3 g6 3. e3 Bg7 4. Bd3 d6 5. Nbd2 Nbd7 6. c3 e5 7. O-O O-O 8. Re1
Re8 9. e4 Nf8 10. d5 Nh5 11. Nc4 Nf4 12. Bc2 Bg4 13. Ne3 Qc8 14. Ba4 Bd7 15.
Bxd7 Nxd7 16. Nf1 Nc5 17. b4 Ncd3 18. Re3 Nxc1 19. Rxc1 Bh6 20. Rc2 Qg4 21. Ng3
Kh8 22. h3 Qd7 23. Re1 Rg8 24. Kh2 g5 25. Nf5 Bf8 26. g4 f6 27. Rc1 Qf7 28. Ng1
h5 29. f3 hxg4 30. fxg4 Qh7 31. Kg3 a6 1/2-1/2

[Event "Championnat de France Pupille"]
[Site "CALVI"]
[Date "2005.??.??"]
[Round "1.4"]
[White "Sochacki, Christophe"]
[Black "Foucher, Valentin"]
[Result "1-0"]
[WhiteElo "1960"]
[BlackElo "1670"]
[PlyCount "71"]
[EventDate "2005.??.??"]
[SourceDate "2005.04.17"]

1. f4 d5 2. b3 e6 3. Nf3 Bd6 4. Bb2 Nf6 5. e3 c5 6. Be2 Nc6 7. O-O O-O 8. Bb5
Bd7 9. Bxc6 Bxc6 10. Qe1 b5 11. d3 Bc7 12. Ne5 Bb7 13. Nd2 a5 14. c4 b4 15. h3
a4 16. g4 a3 17. Bc1 Nd7 18. Ndf3 f6 19. Nxd7 Qxd7 20. Bd2 e5 21. f5 e4 22.
dxe4 dxe4 23. Nh4 Rad8 24. Rd1 Qe7 25. Qe2 Rd7 26. Ng2 Rfd8 27. Nf4 Be5 28. Ne6
Rc8 29. Bc1 Rc6 30. Qc2 Rcd6 31. Kf2 Rxd1 32. Rxd1 Rxd1 33. Qxd1 Bc8 34. Qd5
Bxe6 35. fxe6 Qd6 36. e7+ 1-0

[Event "Championnat de France Pupille"]
[Site "CALVI"]
[Date "2005.??.??"]
[Round "1.5"]
[White "Pilte, Nicolas"]
[Black "Fevre, Mathieu"]
[Result "0-1"]
[WhiteElo "1670"]
[BlackElo "1951"]
[PlyCount "64"]
[EventDate "2005.??.??"]
[SourceDate "2005.04.17"]

1. e4 c5 2. Nf3 d6 3. d3 g6 4. g3 Bg7 5. c3 Nc6 6. Bg2 Nf6 7. Bf4 Bd7 8. Na3 a6
9. Qe2 Nh5 10. Bd2 Rc8 11. O-O O-O 12. Bg5 h6 13. Be3 b5 14. Qd2 Kh7 15. Nh4
Nf6 16. h3 Ng8 17. Rac1 e5 18. b4 cxb4 19. cxb4 f5 20. f4 exf4 21. Bxf4 g5 22.
Bxd6 Rf6 23. e5 Rxd6 24. exd6 gxh4 25. Bxc6 Bxc6 26. Qf4 hxg3 27. Qxf5+ Kh8 28.
Qc5 Qh4 29. Qxc6 Rxc6 30. Rxc6 Qxh3 31. Rc2 Bd4+ 32. Rff2 gxf2+ 0-1

[Event "Championnat de France Pupille"]
[Site "CALVI"]
[Date "2005.??.??"]
[Round "1.6"]
[White "Dubessay, Bastien"]
[Black "Nguyen, Vincent"]
[Result "1-0"]
[WhiteElo "1939"]
[BlackElo "1668"]
[PlyCount "51"]
[EventDate "2005.??.??"]
[SourceDate "2005.04.17"]

1. b3 Nf6 2. Bb2 d5 3. f4 c5 4. Nf3 Nc6 5. d3 Qc7 6. g3 d4 7. Bg2 Ng4 8. Bc1 e5
9. O-O exf4 10. Bxf4 Bd6 11. Bd2 O-O 12. Na3 Bxg3 13. hxg3 Qxg3 14. Qc1 Re8 15.
Bf4 Qxg2+ 16. Kxg2 Rxe2+ 17. Kg1 Be6 18. Qd1 Rf2 19. Rxf2 Nxf2 20. Kxf2 Re8 21.
Qh1 Bd5 22. Qh5 Nb4 23. Rh1 h6 24. Bxh6 gxh6 25. Qxh6 f5 26. Qh8+ 1-0

[Event "Championnat de France Pupille"]
[Site "CALVI"]
[Date "2005.??.??"]
[Round "1.7"]
[White "Dumas, Romain"]
[Black "Ider, Borya"]
[Result "0-1"]
[WhiteElo "1660"]
[BlackElo "1939"]
[PlyCount "98"]
[EventDate "2005.??.??"]
[SourceDate "2005.04.17"]

1. e4 c6 2. d4 d5 3. e5 c5 4. c3 Nc6 5. Nf3 Bg4 6. Be2 e6 7. b3 Nge7 8. Bb2 Ng6
9. Na3 Bxf3 10. Bxf3 cxd4 11. Nc2 dxc3 12. Bxc3 Ngxe5 13. O-O Bd6 14. Re1 O-O
15. Rc1 Qf6 16. Ba1 Qf4 17. Bxe5 Nxe5 18. Nd4 Nc6 19. Nxc6 Qxh2+ 20. Kf1 bxc6
21. Rxc6 Bb4 22. Re3 Qh1+ 23. Ke2 Qxd1+ 24. Kxd1 Rac8 25. Ra6 Rc7 26. a3 Bc5
27. Rc3 Rfc8 28. Ke2 Bd4 29. Rxc7 Rxc7 30. Rd6 Kf8 31. Rd8+ Ke7 32. Rb8 Bb6 33.
Rh8 h6 34. Rh7 Kf6 35. Rh8 Rc2+ 36. Ke1 Rxf2 37. Rb8 Rb2 38. b4 Ra2 39. Rc8
Rxa3 40. Bd1 Ra2 41. g4 d4 42. Rc4 Ke5 43. Rc1 Kf4 44. Bb3 Rh2 45. Bd1 Ke3 46.
Kf1 d3 47. Kg1 Rb2 48. Kf1 Rh2 49. Kg1 Kd2+ 0-1

[Event "Championnat de France Pupille"]
[Site "CALVI"]
[Date "2005.??.??"]
[Round "1.8"]
[White "Saatdjian, Stephane"]
[Black "Ollier, Milan"]
[Result "1-0"]
[WhiteElo "1931"]
[BlackElo "1660"]
[PlyCount "59"]
[EventDate "2005.??.??"]
[SourceDate "2005.04.17"]

1. e4 e5 2. Nc3 Nf6 3. Bc4 Bc5 4. d3 Nc6 5. f4 d6 6. f5 Na5 7. Bb3 Nxb3 8. axb3
d5 9. Nf3 dxe4 10. dxe4 Qxd1+ 11. Kxd1 Bd6 12. Bg5 Nd7 13. Nb5 a6 14. Nxd6+
cxd6 15. b4 f6 16. Be3 b5 17. Ke2 Bb7 18. Nd2 Ke7 19. h4 Rhc8 20. c3 d5 21. h5
dxe4 22. Rh4 Kf7 23. Nxe4 Bxe4 24. Rxe4 Nf8 25. g4 g6 26. fxg6+ hxg6 27. hxg6+
Nxg6 28. Rf1 Ke6 29. Bc5 Nf4+ 30. Rfxf4 1-0

[Event "Championnat de France Pupille"]
[Site "CALVI"]
[Date "2005.??.??"]
[Round "1.9"]
[White "Poiron, Nicolas"]
[Black "Botto, Julien"]
[Result "0-1"]
[WhiteElo "1660"]
[BlackElo "1900"]
[PlyCount "78"]
[EventDate "2005.??.??"]
[SourceDate "2005.04.17"]

1. d4 d5 2. c4 c6 3. Nc3 Nf6 4. Nf3 e6 5. e3 Nbd7 6. Qc2 a6 7. a4 Bd6 8. g4 g6
9. g5 Nh5 10. e4 dxe4 11. Nxe4 Bc7 12. c5 e5 13. Nd6+ Bxd6 14. cxd6 Qa5+ 15.
Qc3 Qxc3+ 16. bxc3 exd4 17. cxd4 O-O 18. Ne5 Re8 19. Bb2 c5 20. Bc4 Nxe5 21.
dxe5 Ng7 22. Rd1 Be6 23. d7 Red8 24. Bxe6 Nxe6 25. Rg1 b5 26. axb5 axb5 27. Rg3
Ra7 28. Rgd3 Nxg5 29. Rc3 Ne6 30. Rcd3 Kf8 31. Bc1 Ke7 32. Rd5 Raxd7 33. Rd6
Rxd6 34. exd6+ Rxd6 35. Rd2 Nd4 36. h3 Nf3+ 37. Ke2 Nxd2 38. Bxd2 Rxd2+ 39.
Kxd2 Kd6 0-1

[Event "Championnat de France Pupille"]
[Site "CALVI"]
[Date "2005.??.??"]
[Round "1.10"]
[White "Samoun, Florent"]
[Black "Toullec, Renan"]
[Result "1/2-1/2"]
[WhiteElo "1870"]
[BlackElo "1660"]
[PlyCount "70"]
[EventDate "2005.??.??"]
[SourceDate "2005.04.17"]

1. e4 e5 2. Nf3 Nc6 3. Bc4 Bc5 4. d3 Nf6 5. Bg5 d6 6. Nbd2 Be6 7. Bb3 h6 8. Bh4
g5 9. Bg3 Nh5 10. Bxe6 fxe6 11. Rf1 Nxg3 12. fxg3 Qe7 13. c3 O-O-O 14. b4 Bb6
15. a4 a5 16. b5 Nb8 17. Nc4 Nd7 18. Rc1 Rhf8 19. Nxb6+ Nxb6 20. c4 Kb8 21. Qc2
Nd7 22. Nd2 Rxf1+ 23. Kxf1 Nc5 24. Nb3 b6 25. Nxc5 dxc5 26. Rd1 Qd6 27. Kg1 Rf8
28. Qc3 Qd4+ 29. Qxd4 exd4 30. Rf1 Rxf1+ 31. Kxf1 e5 32. g4 Kc8 33. Ke2 Kd7 34.
Kf3 Ke6 35. g3 Kf6 1/2-1/2

[Event "Championnat de France Pupillette"]
[Site "CALVI"]
[Date "2005.??.??"]
[Round "1.1"]
[White "Pinault, Mailys"]
[Black "Kohi, Camilla"]
[Result "0-1"]
[WhiteElo "1370"]
[BlackElo "1881"]
[PlyCount "80"]
[EventDate "2005.??.??"]
[SourceDate "2005.04.17"]

1. e4 e6 2. d4 d5 3. e5 c5 4. c3 Nc6 5. Nf3 Qb6 6. Be2 cxd4 7. cxd4 Nge7 8.
Nbd2 Nxd4 9. Qa4+ Ndc6 10. O-O Bd7 11. Qd1 Ng6 12. Nb3 Ncxe5 13. Nxe5 Nxe5 14.
Be3 Qd8 15. Rc1 Be7 16. Bd4 Bf6 17. Nc5 Bc6 18. Re1 O-O 19. Qc2 Ng6 20. Be3 Bg5
21. Qb3 Bxe3 22. Qxe3 d4 23. Qd2 e5 24. Bc4 Bd5 25. Bxd5 Qxd5 26. Qg5 b6 27.
Nd3 f6 28. Qh5 Rfc8 29. Rxc8+ Rxc8 30. Qg4 Rc7 31. a3 Qd7 32. Qe4 f5 33. Qe2 e4
34. Nc1 d3 35. Qd2 Rc2 36. Qd1 d2 37. h3 dxe1=Q+ 38. Qxe1 Qd2 39. Qxd2 Rxd2 40.
Nb3 Rxb2 0-1

[Event "Championnat de France Pupillette"]
[Site "CALVI"]
[Date "2005.??.??"]
[Round "1.2"]
[White "Lefevre, Margaux"]
[Black "Uhl, Sarah"]
[Result "1-0"]
[WhiteElo "1780"]
[BlackElo "1360"]
[PlyCount "103"]
[EventDate "2005.??.??"]
[SourceDate "2005.04.17"]

1. e4 d6 2. d4 Nf6 3. Nc3 g6 4. Be3 Bg7 5. Bc4 O-O 6. h3 Nxe4 7. Bxf7+ Rxf7 8.
Nxe4 Bf5 9. Ng5 Rf8 10. c3 e5 11. Qb3+ Kh8 12. Nf7+ Rxf7 13. Qxf7 exd4 14. Bxd4
Bxd4 15. cxd4 d5 16. Nf3 Nc6 17. O-O Qd6 18. Ng5 Qd7 19. Qxd7 Bxd7 20. Nf3 Re8
21. Rfe1 Kg7 22. Rxe8 Bxe8 23. Re1 Bd7 24. Ne5 Nxe5 25. Rxe5 Kf6 26. Rxd5 Be6
27. Ra5 a6 28. g4 Ke7 29. f4 Kf6 30. b3 h6 31. Kf2 Bd7 32. Rc5 c6 33. a4 Be6
34. b4 Bb3 35. a5 Be6 36. Kg3 Bd7 37. d5 cxd5 38. Rxd5 Ke6 39. Re5+ Kf6 40. Rd5
Ke6 41. Rc5 Kf6 42. Rc7 Bc6 43. Rh7 Be4 44. Rxh6 Kg7 45. g5 Bd5 46. Kf2 Be4 47.
Ke3 Bg2 48. Kd4 Bc6 49. Rh4 Bf3 50. Kc5 Be2 51. Kb6 Bf3 52. Rg4 1-0

[Event "Championnat de France Pupillette"]
[Site "CALVI"]
[Date "2005.??.??"]
[Round "1.3"]
[White "Josse, Mathilde"]
[Black "Neuhauser, Salome"]
[Result "0-1"]
[WhiteElo "1350"]
[BlackElo "1660"]
[PlyCount "110"]
[EventDate "2005.??.??"]
[SourceDate "2005.04.17"]

1. e4 c5 2. Nf3 d6 3. Bb5+ Bd7 4. Bxd7+ Qxd7 5. d3 Nc6 6. O-O g6 7. Bf4 Bg7 8.
c3 Nf6 9. Re1 O-O 10. h3 Rfd8 11. Nbd2 a6 12. Nc4 Qc7 13. Qc2 b5 14. Ncd2 Nh5
15. Bh2 b4 16. cxb4 Nxb4 17. Qb3 Rab8 18. Rab1 Nc6 19. Qc2 Nd4 20. Nxd4 Bxd4
21. Nf3 Bg7 22. b3 Rbc8 23. Rbc1 Bh6 24. Rb1 Bg7 25. Rbc1 Qb7 26. Qc4 e6 27.
Qc2 d5 28. exd5 Qxd5 29. Be5 Bxe5 30. Rxe5 Qxd3 31. Qxd3 Rxd3 32. Rexc5 Rxc5
33. Rxc5 Rd6 34. Rc1 Nf4 35. Rc2 Nd5 36. g3 f6 37. Rc1 Kf7 38. Kf1 e5 39. Ke2
Ke6 40. a3 Rb6 41. b4 Rd6 42. Kf1 Kd7 43. Ke2 Kd8 44. Nd2 Kd7 45. Nb3 Rc6 46.
Rxc6 Kxc6 47. Na5+ Kb5 48. Kd3 f5 49. f3 h6 50. h4 h5 51. Kd2 Ka4 52. Nc4 e4
53. f4 Kb3 54. Nd6 Kxa3 55. Nb7 Kxb4 0-1

[Event "Championnat de France Pupillette"]
[Site "CALVI"]
[Date "2005.??.??"]
[Round "1.4"]
[White "Le Bail, Arielle"]
[Black "Vernerey, Lea"]
[Result "1-0"]
[WhiteElo "1650"]
[BlackElo "1350"]
[PlyCount "75"]
[EventDate "2005.??.??"]
[SourceDate "2005.04.17"]

1. d4 Nf6 2. Bg5 d5 3. Bxf6 exf6 4. e3 Nc6 5. Bd3 Bd6 6. Nc3 O-O 7. Qh5 g6 8.
Qxd5 Be6 9. Qf3 Re8 10. O-O-O h5 11. h3 Bd7 12. Nge2 Qe7 13. Nd5 Qe6 14. Nxf6+
Kg7 15. Nxe8+ Rxe8 16. Nc3 Nb4 17. d5 Qe5 18. a3 Nxd3+ 19. Rxd3 Bf5 20. Rd4 c6
21. Rhd1 c5 22. R4d2 g5 23. Qxh5 Bg6 24. Qe2 Kh6 25. h4 Bh5 26. g4 Bg6 27.
hxg5+ Qxg5 28. Rh1+ Kg7 29. Qf3 f6 30. Qh3 Rg8 31. Nb5 Be5 32. d6 Kf7 33. Rf1
Bxb2+ 34. Kxb2 Qe5+ 35. Nc3 b5 36. Qf3 b4 37. Qb7+ Ke6 38. Qe7# {Diagramme #}
1-0